Tiếng anh nói từ doanh nghiệp tập I

Đã lưu trong:
Bibliografiske detaljer
Hovedforfatter: Ngô Văn Hải
Format: Bog
Sprog:Vietnamese
Udgivet: TN 1999
Tags: Tilføj Tag
Ingen Tags, Vær først til at tagge denne postø!
Thư viện lưu trữ: Mạng thư viện Đại học Đà Nẵng
LEADER 00627nam a2200277 4500
001 000026007
003 1545
005 20150325120000.0
008 150325s vm 000 vie
020 |c 0,0000 
040 |a NOTTS 
100 |a Ngô Văn Hải 
245 |a Tiếng anh nói từ doanh nghiệp tập I 
260 |b TN  |c 1999 
300 |a 487tr. ; 
OWN |a LTT 
999 |a From the UDN01 
TYP |a Monograph 
TYP |a Printed language 
980 |a Mạng thư viện Đại học Đà Nẵng